| 000 | 00627nam a2200193Ia 4500 | ||
|---|---|---|---|
| 003 | GCL | ||
| 005 | 20240530105048.0 | ||
| 008 | 140319s9999 xx 000 0 ara d | ||
| 040 |
_aGCL / _cGCL |
||
| 082 | 0 | 4 |
_a400.1 _bس ف |
| 100 | 1 | _aسامى ادهم | |
| 245 | 1 | 0 |
_aفلسفة اللغة تفكيك العقلى اللغوى : _bبحث ابستمولوجى انطولوجى / _cسامى ادهم |
| 250 | _aط1 | ||
| 260 |
_aبيروت : _bالمؤسسة الجامعية للدراسات والنشر ، _c1993 |
||
| 300 |
_a335 ص ؛ _c24 سم |
||
| 650 | 0 | 4 | _aفلسفة |
| 650 | 0 | 4 | _aاللغات |
| 942 |
_2ddc _cBK |
||
| 999 |
_c52850 _d52850 |
||